[Event "FRA-ch Blitz Online Qual"]
[Site "Europe Echecs INT"]
[Date "2020.05.16"]
[Round "5"]
[White "Gouja, Wissem"]
[Black "Naillou, Thomas"]
[Result "0-1"]
[WhiteElo "1346"]
[BlackElo "2072"]
[PlyCount "78"]
[EventDate "2020.05.16"]
[EventType "swiss (blitz)"]
[EventRounds "15"]
[EventCountry "FRA"]
[SourceTitle "CBM 196 Extra"]
[Source "ChessBase"]
[SourceDate "2020.07.31"]
[SourceVersion "1"]
[SourceVersionDate "2020.07.31"]
[SourceQuality "1"]

1. e4 d5 2. exd5 Qxd5 3. Nc3 Qa5 4. d4 Nf6 5. Bc4 Bg4 6. Nf3 e6 7. h3 Bf5 8. 0-0 c6 9. Bf4 Be7 10. Ne5 0-0 11. Qe2 Nbd7 12. Rfd1 Nxe5 13. dxe5 Nd5 14. Nxd5 cxd5 15. Bd3 Bxd3 16. Qxd3 Rac8 17. Be3 a6 18. f4 Bc5 19. c3 Qb6 20. Bd4 Bxd4+ 21. cxd4 Qxb2 22. Rdb1 Qc2 23. Qxc2 Rxc2 24. Rxb7 Rd2 25. Rb4 h5 26. a4 Rc8 27. Rab1 Rcc2 28. Rb8+ Kh7 29. R8b7 Rxg2+ 30. Kh1 Kg6 31. R7b6 Rh2+ 32. Kg1 Rxh3 33. Rxa6 Rg3+ 34. Kh1 h4 35. Ra7 h3 36. Rab7 Rgg2 37. R7b3 Rh2+ 38. Kg1 Rcg2+ 39. Kf1 Rh1# 0-1

[Event "FRA-ch Blitz Online Qual"]
[Site "Europe Echecs INT"]
[Date "2020.05.16"]
[Round "12"]
[White "Naillou, Thomas"]
[Black "Fondrat, Johan"]
[Result "1-0"]
[WhiteElo "2072"]
[BlackElo "1509"]
[PlyCount "79"]
[EventDate "2020.05.16"]
[EventType "swiss (blitz)"]
[EventRounds "15"]
[EventCountry "FRA"]
[SourceTitle "CBM 196 Extra"]
[Source "ChessBase"]
[SourceDate "2020.07.31"]
[SourceVersion "1"]
[SourceVersionDate "2020.07.31"]
[SourceQuality "1"]

1. e4 c5 2. d4 cxd4 3. c3 dxc3 4. Nxc3 Nc6 5. Bc4 g6 6. Nf3 Bg7 7. 0-0 d6 8. Qe2 Nf6 9. h3 0-0 10. Rd1 Bd7 11. Bf4 Rc8 12. Rac1 Nd4 13. Nxd4 Rxc4 14. Qxc4 e5 15. Bg5 exd4 16. Qxd4 Qc7 17. Bxf6 Bxf6 18. Qxf6 d5 19. Nxd5 Qd8 20. Ne7+ Qxe7 21. Qxe7 Re8 22. Qxe8+ Bxe8 23. Rd8 Kf8 24. Rcc8 Ke7 25. Rxe8+ Kf6 26. Rc7 h5 27. Ree7 g5 28. Rxf7+ Kg6 29. Rfd7 Kf6 30. g3 Ke5 31. Re7+ Kd4 32. b3 Kd3 33. Kf1 g4 34. hxg4 hxg4 35. Ke1 b5 36. Kd1 b4 37. Rcd7+ Kc3 38. Kc1 a5 39. Re6 a4 40. Rc6# 1-0

[Event "FRA-ch Blitz Online Qual"]
[Site "Europe Echecs INT"]
[Date "2020.05.16"]
[Round "14"]
[White "Naillou, Thomas"]
[Black "Maugin, Narada"]
[Result "1-0"]
[WhiteElo "2072"]
[BlackElo "1947"]
[PlyCount "95"]
[EventDate "2020.05.16"]
[EventType "swiss (blitz)"]
[EventRounds "15"]
[EventCountry "FRA"]
[SourceTitle "CBM 196 Extra"]
[Source "ChessBase"]
[SourceDate "2020.07.31"]
[SourceVersion "1"]
[SourceVersionDate "2020.07.31"]
[SourceQuality "1"]

1. e4 c6 2. d4 d5 3. f3 dxe4 4. fxe4 e5 5. Nf3 exd4 6. Bc4 Nf6 7. 0-0 Be7 8. Nxd4 0-0 9. Nc3 Bc5 10. Be3 Qe7 11. Qe2 Nbd7 12. Nf5 Bxe3+ 13. Qxe3 Qe5 14. h3 Nc5 15. Rae1 Re8 16. Kh1 Ncxe4 17. Nxe4 Qxe4 18. Qg5 Bxf5 19. Rxe4 Nxe4 20. Bxf7+ Kh8 21. Qh4 Re5 22. g4 Bd7 23. Bg6 h6 24. Bxe4 Rxe4 25. Qf2 Rae8 26. Qf7 Bc8 27. Kg2 c5 28. g5 R4e7 29. Qg6 b6 30. gxh6 Bb7+ 31. Kg1 gxh6 32. Qxh6+ Rh7 33. Qf6+ Rg7+ 34. Kf2 Kg8 35. Rg1 Rxg1 36. Kxg1 Be4 37. c3 Bg6 38. Qxg6+ Kf8 39. h4 Re7 40. Kf2 Rf7+ 41. Ke3 Re7+ 42. Kf4 Rf7+ 43. Ke5 Re7+ 44. Kd6 Re1 45. h5 a5 46. h6 Re6+ 47. Kxe6 c4 48. Qf7# 1-0